La théorie du premier moteur et l'evolution de la pensée Aristotêlicienne / (Record no. 109330)

MARC details
000 -LEADER
campo de control de longitud fija 00540nam a2200181 i 4500
001 - NÚMERO DE CONTROL
campo de control 109330
003 - IDENTIFICADOR DE NÚMERO DE CONTROL
campo de control ES-MaACL
005 - FECHA Y HORA DE LA ÚLTIMA TRANSACCIÓN
campo de control 20250804012337.0
007 - CAMPO FIJO DE DESCRIPCIÓN FÍSICA--INFORMACIÓN GENERAL
campo de control de longitud fija t|
008 - DATOS DE LONGITUD FIJA--INFORMACIÓN GENERAL
campo de control de longitud fija 061121s1930 fr r ||||1| fre d
100 1# - ENTRADA PRINCIPAL--NOMBRE DE PERSONA
Nombre de persona Mugnier, René.
9 (RLIN) 84072
245 13 - MENCIÓN DEL TÍTULO
Título La théorie du premier moteur et l'evolution de la pensée Aristotêlicienne /
Mención de responsabilidad, etc. René Mugnier.
260 ## - PUBLICACIÓN, DISTRIBUCIÓN, ETC.
Lugar de publicación, distribución, etc. París :
Nombre del editor, distribuidor, etc. [s.n.],
Fecha de publicación, distribución, etc. 1930.
300 ## - DESCRIPCIÓN FÍSICA
Extensión 232 p. ;
Dimensiones 26 cm.
600 07 - PUNTO DE ACCESO ADICIONAL DE MATERIA--NOMBRE DE PERSONA
Nombre de persona Aristóteles
Fuente del encabezamiento o término embne
9 (RLIN) 22861
852 ## - LOCALIZACIÓN
Ubicación ES-MaACL
Número de control de estantería F-15089
Sublocalización o colección R.18822
Holdings
Estatus retirado Estado de pérdida Estado de daño No para préstamo Biblioteca de origen Biblioteca actual Ubicación en estantería Fecha de adquisición Fuente de adquisición Total de préstamos Signatura topográfica completa Código de barras Visto por última vez Precio de reemplazo Tipo de ítem Koha
        Biblioteca del Ateneo de Madrid Biblioteca del Ateneo de Madrid Sala Pecera Planta 2 17/01/2008     F-15089 1114077 23/02/2023 23/02/2023 Libro impreso